Регионална библиотека "Любен Каравелов" - Русе

Легенда при Върха (Запис номер 443912)

MARC детайли
000 -Лидер
Контролно поле с фиксирана дължина nam a22 a 4500
003 - Код на организацията, давaща контролен номер
Контролно поле BLK
005 - Дата и час на последна редакция
Контролно поле 20220207135546.0
008 - Елементи от данни с фиксирана дължина
fixed length control field 180411b bul|||||r ||||||| ||bul||
010 ## - Наследен системен номер
LC control number KNG00184798000
020 ## - Международен стандартен номер на книга ISBN
Международен стандартен номер на книга ISBN 9789546761644
040 ## - Източник на каталожния запис
Идентификатор на билиотеката - собственик на записа BLK
041 ## - Код за език
Код за езика на текст/звукозапис или на отделно заглавие Български
Код за езика КДБФ Български
080 ## - УДК
Текстов определител УДК Краезнание
УДК код - определител по УДК 908
УДК определител (497.23-22)
УДК - код + определител 908(497.23-22)
100 1# - Редна дума - Автор
Автор Пампов, Костадин Василев
Авторска отговорност първи автор
R(LIN) 105847
139 ## - Редно поле
Редна дума Пампов, Костадин Василев
Авторски знак Пам - П 16
245 10 - Сведения за заглавието
Заглавие Легенда при Върха
Подзаглавни данни Страници от историята на с. Черногорово, Пазарджишко
Редно поле (дума) Костадин Пампов; послесл. Росен Р. Малчев.; предисл. Васил Гюзелев.
250 ## - Област на изданието
Сведения за изданието 3. доп. изд.
257 ## - Страна на издаване
Страна на създаване/издаване България
260 ## - Област на издателските данни
Име на издателя, разпространителя и проч. БОГИАННА
Година на издаване 2021
9 (RLIN) 209631
Място на издаване, разпространение и проч. София
Информация за издателството Богиана
Печатница [Костинброд] : [Мултипринт ООД]
Издателство - префикс ISBN 978-954-676-
300 ## - Физическа характеристика
Страници 89 с.
Илюстрации и др. с ил., к., факс.
Размери/Мащаб 21 см
380 ## - Жанр
Жанр История
500 ## - Общи забележки
Забележка 1. изд. 2014 на изд. Беллопринт - Пазарджик. - В защита на една записана народна легенда / Васил Гюзелев: с. 5-6. - Биогр. данни за авт. отбелязани на гърба на кор.
600 14 - Име на лице, използвано като предмет
9 (RLIN) 105847
За него / За нея Пампов, Костадин Василев
650 #4 - Допълнително описание по предмет – тема
Основно описание – тема или топоним Села - България - история
9 (RLIN) 243048
651 #4 - Допълнително описание по предмет - топоним
Географско понятие Пазарджишко
9 (RLIN) 179326
653 ## - Ключова дума – ненормативна
Ключова дума краезнание
653 ## - Ключова дума – ненормативна
Ключова дума села
700 ## - Други автори (авторска отговорност)
Лично име Малчев, Росен Росенов
Автороска отговорност (Описва отношението между автора и произведението) послесл.
9 (RLIN) 958
700 ## - Други автори (авторска отговорност)
Лично име Гюзелев, Васил Тодоров
Автороска отговорност (Описва отношението между автора и произведението) предисл.
9 (RLIN) 1264
852 ## - Местоположение
Форматна сигнатура Цб
Фондова буква Хранилище
999 ## - СИСТЕМНИ КОНТРОЛНИ НОМЕРА
Koha biblionumber 443912
Koha biblioitemnumber 443912
942 ## - АРТИКУЛИ
Вид на библиотечния материал Книги
Скрит в OPAC Не
Периодичен библиозапис Да
944 ## - СЪЗДАВАНЕ И РЕДАКЦИЯ на ЗАПИСА
Създаване/Редакция Създаване
Дата на регистрацията/редакция 2022-02-07
Служител, извършил регистрацията/редакцията СТ
Наличности
Код за отписване Код за изгубен артикул Източник на класификационната схема Код за повреда Коз за рестрикции Код за отдаване Артикулен № Име на библиотеката - собственик Име на библиотеката, в която се намира в момента Статус (Текущо местоположение) Дата на вписване в системата Местоположение - отдел Цена в лева Систематично азбучна сигнатура Баркод Цена в евро Служебен тип на артикула
  Не е изгубен Universal Decimal Classification Не е повреден само за читалня ползва се в читалня 871746 Регионална библиотека "Любен Каравелов" Русе Регионална библиотека "Любен Каравелов" Русе Хранилище 2022-02-14 Хранилище 7.00 Цб 311020 120000865607 3.58 Книги
Vip Innovations Ltd, Rousse, Bulgaria 2025